Les Aconits Lycoctonoides de l'Hongrie

Elmentve itt :
Bibliográfiai részletek
Szerző: Gáyer Gyula
Dokumentumtípus: Cikk
Megjelent: Erdélyi Múzeum-Egyesület Kolozsvár 1906
Sorozat:Múzeumi füzetek : az Erdélyi Nemzeti Múzeum természettárainak értesítője 1 No. 3
Kulcsszavak:Növénytan, Sisakvirág
Tárgyszavak:
Online Access:http://acta.bibl.u-szeged.hu/54403
LEADER 00766nab a2200193 i 4500
001 acta54403
005 20250512152704.0
008 180605s1906 hu o 000 fre d
040 |a SZTE Egyetemi Kiadványok Repozitórium  |b hun 
041 |a fre 
100 1 |a Gáyer Gyula 
245 1 4 |a Les Aconits Lycoctonoides de l'Hongrie  |h [elektronikus dokumentum] /  |c  Gáyer Gyula 
260 |a Erdélyi Múzeum-Egyesület  |b Kolozsvár  |c 1906 
300 |a 236-238 
490 0 |a Múzeumi füzetek : az Erdélyi Nemzeti Múzeum természettárainak értesítője  |v 1 No. 3 
650 4 |a Természettudományok 
650 4 |a Biológiai tudományok 
695 |a Növénytan, Sisakvirág 
856 4 0 |u http://acta.bibl.u-szeged.hu/54403/1/muzeumi_fuzetek_1906_001_003_236-238.pdf  |z Dokumentum-elérés